| 000 | 00501nam a2200181Ia 4500 | ||
|---|---|---|---|
| 005 | 20250603145416.0 | ||
| 008 | 250603s9999 xx 000 0 und d | ||
| 020 | _a9789785216776 | ||
| 050 | _aJC 328 .U43 .N38/ | ||
| 100 | _aUmara, ibrahim | ||
| 245 | 0 | _aNational interest and foreign policy options for Nigeria in the central african subregion | |
| 260 | _aKaduna | ||
| 260 | _bJoyce Graghics Printers and Publishers | ||
| 260 | _c2014 | ||
| 300 | _a189 p | ||
| 650 | _aKaduna | ||
| 942 | _cBK | ||
| 999 |
_c41772 _d41772 |
||